000 00691cam a22002413a 4500
001 7857
003 PGUSA
005 20140828083149.0
008 050401s2005||||xxu|||||s|||||000 1 eng d
040 _aPGUSA
_beng
042 _adc
050 4 _aPS
100 1 _aRemington, Frederic,
_d1861-1909
245 1 4 _aThe Way of an Indian
_h[electronic resource] /
_cFrederic Remington
260 _bProject Gutenberg,
_c2005
500 _aIllustrated by the author.
506 _aPublic domain in the USA.
516 _aElectronic text
653 _aIndians of North America -- Fiction
830 0 _aProject Gutenberg
_v7857
856 4 0 _uhttp://www.gutenberg.org/ebooks/7857
942 _cEB
999 _c237157
_d237157